[Event "SRB-chT 1st League"]
[Site "Kragujevac"]
[Date "2016.09.10"]
[Round "1.6"]
[White "Krstic, Ranko"]
[Black "Bajic, Veroljub"]
[Result "1/2-1/2"]
[WhiteElo "2206"]
[BlackElo "2078"]
[PlyCount "22"]
[EventDate "2016.09.10"]
[EventType "team-tourn"]
[EventRounds "11"]
[EventCountry "SRB"]
[SourceTitle "CBM 174 Extra"]
[Source "ChessBase"]
[SourceDate "2016.10.10"]
[SourceVersion "1"]
[SourceVersionDate "2016.10.10"]
[SourceQuality "1"]
[WhiteTeam "Leskovac Glubocica"]
[BlackTeam "Smederevska Palanka"]
[WhiteTeamCountry "SRB"]
[BlackTeamCountry "SRB"]

1. d4 Nf6 2. c4 c5 3. d5 b5 4. Qc2 bxc4 5. e4 d6 6. Bxc4 g6 7. Nf3 Bg7 8. Nc3 0-0 9. 0-0 Ba6 10. Nd2 Bxc4 11. Nxc4 Nbd7 1/2-1/2